عرض عادي عرض مارك
  • الأعداد الجبرية

مدخل مصطلح موضوعي

عدد التسجيلات المستخدمة في: 2

001 - رقم الضبط

  • حقل الضبط: 17478

003 - معرف رقم الضبط

  • حقل الضبط: OSt

005 - تاريخ ووقت أخر عملية

  • حقل الضبط: 20121020005049.0

008 - عناصر بيانات ثابتة الطول

  • حقل تحكم ثابت الطول: 121020|||a|||||| | ||| d

040 ## - مصدر الفهرسة

  • هيئة الفهرسة الأصلية: OSt
  • وكالة الكتابة: OSt

150 ## - مدخل-- مصطلح تاريخي

  • عنصر مدخل المصطلح الموضوعي او الاسم الجغرافي: الأعداد الجبرية

670 ## - بيانات المصدر موجوده

  • الاستشهاد بالمصدر: Work cat.: (OSt)28030: الشبول، ياسين أحمد 17477, التقنيات العددية /, 2004